00991nam a2200265 i 4500001000700000003000900007005001700016007000300033008004100036020001800077080002000095100004000115245012800155246003700283260003400320300002200354490001800376546003400394650003500428700003000463830002600493852006500519999001900584952012200603141203ES-MaACL20230906200238.0t|070920s1995 fr ||||1| fre d a2-7427-0574-0 a92(37)"-07/-00"1 aLhomond, Charles-François.97213710aDe viris, les grands hommes de Rome b: latin-français / cAbbé Lhomond ; traduit et présenté par Jacques Gaillard.3 aDe viris illustribus urbis romae a[Francia] : bBabel, c[1995] a403 p. ; c18 cm.1 aBabel ; v164 aTexto en francés y latín.14aRomanos-xBiografías.9169421 aGaillard, Jacques.9532511 aBabel ; v1649189103 aES-MaACLjE-12167 z- Biblioteca Jacinto Martínez Lacalle. c141203d141203 00104070aATENEOMbATENEOMcDEPO2d2008-01-17eSCl0oE-12167p1146925r2023-02-23 00:00:00w2023-02-23yMONOGRAFIA